Ateliérová tvorba 1,2 Konštrukčný detail - dvere

Bibliographic Details
Main Authors: Bielek, Milan, 1938- (Author), Melcer, Viktor, 1925-1982 (Author), Škorupa, Milan, 1912-1996 (Author), Puškár, Anton, 1948- (Author)
Format: Book
Language:Slovak
PhysicalDescription:155 s. Sch. 20x29 cm
Published: Bratislava Slovenská vysoká škola technická 1981
Edition:1. vyd. 1. dotl.

MARC

LEADER 00000nam a2200000 a 4500
001 vtls001103627
003 SK-MaSNL
005 20260413122813.0
008 250414s1981 xo 0 slo
015 |a SNBA1981/12 
035 |a SNK000046469 
040 |a SNK  |b slo  |c SNK  |e AACR2 
041 0 |a slo 
044 |a xo  |c SK 
080 |a 69.028.1(075.8)  |2 1981 
245 0 0 |a Ateliérová tvorba 1,2  |b Konštrukčný detail - dvere  |c Milan Bielek, Viktor Melcer, Milan Škorupa, Anton Puškár 
250 |a 1. vyd. 1. dotl. 
260 |a Bratislava  |b Slovenská vysoká škola technická  |c 1981  |e Bratislava  |f Edičné stredisko SVŠT 
300 |a 155 s.  |b Sch.  |c 20x29 cm 
366 |e 350 výtl. 
504 |a Obsahuje bibliografiu 
700 1 |a Bielek, Milan,  |d 1938-  |4 aut  |9 213821 
700 1 |a Melcer, Viktor,  |d 1925-1982  |4 aut  |9 38100 
700 1 |a Škorupa, Milan,  |d 1912-1996  |4 aut  |9 38122 
700 1 |a Puškár, Anton,  |d 1948-  |4 aut  |9 215129 
852 |a Slovenská národná knižnica 
958 |a OND 
958 |a NB 
958 |a RM 
958 |a UV 
999 |c 1128939  |d 1130869 
952 |t P60, <04>, [BOOK], {604}  |a SNK  |b SNK  |y VYP  |7 0  |p 17A0137606  |o snkSC 53983/1-2 D1  |0 0  |1 0  |4 0  |d 1998-05-05  |l 0  |r 2004-12-31 00:00:00  |w 2026-02-24 
952 |a SNK  |b SNK  |y PREZ  |7 0  |p 17A0826404  |o snkSC 53983/1-2  |0 0  |1 0  |4 0  |d 2012-08-06  |l 0  |r 2025-11-07 00:00:00  |w 2026-02-24